00455nam a22001451a 4500020001800000082001700018100003100035245006800066250000900134260008100143300001100224650003300235650002500268650001600293 a9788193036846 aM09bULL/K.1 aUlloor S Parameswara Iyer  aKerala sahithya charithram (v.1)/cby Ulloor S Parameswara Iyer a6th. aThiruvananthapuram:bDepartment of Publication, University of Kerala,c2015. a1070p/ aLiterature Malayalam History aLiterature Malayalam aLiterature